00905nam a22001337a 4500020001800000082001700018100002100035100002000056245006600076260004200142300001500184520053600199650003600735 a9789386213419 bBHA-a305.42 aBhargava, Mahesh aPandey, Ranjana aGender, school and society /cMahesh Bhargava, Ranjana Pandey aAgrabRakhi Prakashan Pvt. Ltd.c2017 axvi, 270p. aThis book provides a broad and thorough introduction of gender issues in India. It is intended primarily as a core text for use in courses in universities, colleges and tertiary-level educational institutions. It presents a systematic description of the gender issues and other aspects, which will serve as a foundation for students or anyone setting out on a career as a teacher or educator. For the purposes of this book, the gender discrimination encompasses all aspects of gender issues, from the gender inequality to violence. aEducationxGender issueszIndia